[Event "Montevideo Duchamp Cup 7th"]
[Site "Montevideo"]
[Date "2024.02.06"]
[Round "6"]
[White "Zaruski, Julio"]
[Black "Brizzi, Milagros Tatiana"]
[Result "0-1"]
[WhiteElo "1781"]
[BlackElo "2092"]
[PlyCount "68"]
[EventDate "2024.02.01"]
[EventType "swiss"]
[EventRounds "9"]
[EventCountry "URU"]
[SourceTitle "CB07_2024"]
[SourceDate "2024.02.14"]
[SourceVersion "1"]
[SourceVersionDate "2024.02.14"]
[SourceQuality "1"]

1. d4 d5 2. Nf3 Nf6 3. e3 c6 4. Bd3 Bg4 5. Nbd2 Nbd7 6. h3 Bh5 7. 0-0 e6 8. c3 Be7 9. Re1 Qc7 10. e4 dxe4 11. Nxe4 Nxe4 12. Bxe4 0-0 13. g4 f5 14. gxh5 fxe4 15. Rxe4 Nf6 16. Bf4 Qc8 17. Re5 Bd6 18. h6 Bxe5 19. Bxe5 Qd7 20. Qe2 g6 21. Kh2 Nh5 22. Rg1 Qf7 23. Qe4 Qf5 24. Ng5 Qxf2+ 25. Rg2 Qf5 26. h4 Rae8 27. Qe3 Qb1 28. Qe2 Rf1 29. Kh3 Rh1+ 30. Rh2 Rf8 31. Ne4 Rxh2+ 32. Kxh2 Rf1 33. Qg2 Qe1 34. Kh3 Rh1+ 0-1

[Event "Montevideo Duchamp Cup 7th"]
[Site "Montevideo"]
[Date "2024.02.04"]
[Round "4"]
[White "Schnaider, Ilan"]
[Black "Brizzi, Milagros Tatiana"]
[Result "1-0"]
[WhiteElo "2323"]
[BlackElo "2092"]
[PlyCount "88"]
[EventDate "2024.02.01"]
[EventType "swiss"]
[EventRounds "9"]
[EventCountry "URU"]
[SourceTitle "CB07_2024"]
[SourceDate "2024.02.14"]
[SourceVersion "1"]
[SourceVersionDate "2024.02.14"]
[SourceQuality "1"]

1. e4 c6 2. d4 d5 3. e5 c5 4. dxc5 e6 5. a3 Bxc5 6. Qg4 Ne7 7. Nf3 Ng6 8. Bd3 Nc6 9. b4 Bb6 10. Bb2 0-0 11. 0-0 f5 12. exf6 e5 13. Qh5 Qxf6 14. b5 Nd4 15. Bxd4 exd4 16. Qxd5+ Be6 17. Qh5 Bf5 18. Qxf5 Qxf5 19. Bxf5 Rxf5 20. a4 Raf8 21. Nbd2 Nf4 22. a5 Bc5 23. Nb3 Ne2+ 24. Kh1 b6 25. h3 h6 26. Rae1 Nc3 27. Nbxd4 Bxd4 28. Nxd4 Rd5 29. Nc6 Rxb5 30. Nxa7 Rxa5 31. Nc6 Ra2 32. Re7 Rxc2 33. Rc7 Re2 34. Nd4 Re4 35. Nf3 Nd5 36. Rd7 Nf4 37. Rc1 Nxh3 38. Rcc7 Ng5 39. Rxg7+ Kh8 40. Nxg5 Re1+ 41. Kh2 Rxf2 42. Rgd7 Re8 43. Nf7+ Kg8 44. Nxh6+ Kf8 1-0

[Event "Montevideo Duchamp Cup 7th"]
[Site "Montevideo"]
[Date "2024.02.01"]
[Round "1"]
[White "Brizzi, Milagros Tatiana"]
[Black "Lanzilotta, Filippo"]
[Result "1-0"]
[WhiteElo "2092"]
[BlackElo "1612"]
[PlyCount "83"]
[EventDate "2024.02.01"]
[EventType "swiss"]
[EventRounds "9"]
[EventCountry "URU"]
[SourceTitle "CB07_2024"]
[SourceDate "2024.02.14"]
[SourceVersion "1"]
[SourceVersionDate "2024.02.14"]
[SourceQuality "1"]

1. e4 e5 2. Nf3 Nf6 3. Nxe5 d6 4. Nf3 Nxe4 5. d4 d5 6. Bd3 Be7 7. 0-0 Nc6 8. Re1 Bf5 9. a3 Nd6 10. Nc3 Be6 11. h4 h6 12. Bf4 0-0 13. Qd2 Nf5 14. Ne2 Bf6 15. c3 Nce7 16. h5 Nh4 17. Ne5 Bh3 18. Kh2 Bxg2 19. Ng1 Qc8 20. Re3 Nef5 21. Rg3 Nxg3 22. Kxg3 Bxe5 23. dxe5 Nf3 24. Qe3 Nxg1 25. Kxg2 Qg4+ 26. Qg3 Qxg3+ 27. Bxg3 Ne2 28. Bxe2 Rae8 29. Bd3 Re6 30. Bf4 f6 31. Bf5 Rb6 32. e6 Re8 33. b4 Rc6 34. Rd1 Rc4 35. Bg3 c6 36. Bd6 Rh4 37. Rh1 Rxh1 38. Kxh1 g6 39. hxg6 Kg7 40. e7 Rh8 41. Bd7 Kxg6 42. e8Q+ 1-0

[Event "Buenos Aires Masters op"]
[Site "Buenos Aires"]
[Date "2023.06.19"]
[Round "7"]
[White "Salvatti, Diego"]
[Black "Brizzi, Milagros Tatiana"]
[Result "1-0"]
[WhiteElo "1892"]
[BlackElo "2112"]
[PlyCount "111"]
[EventDate "2023.06.14"]
[EventType "swiss"]
[EventRounds "9"]
[EventCountry "ARG"]
[SourceTitle "CBM 215 Extra"]
[Source "ChessBase"]
[SourceDate "2023.09.30"]
[SourceVersion "1"]
[SourceVersionDate "2023.09.30"]
[SourceQuality "1"]

1. d4 d5 2. Bf4 Nf6 3. e3 e6 4. Nd2 Bd6 5. Bxd6 Qxd6 6. c4 0-0 7. Ngf3 Nbd7 8. Rc1 c5 9. Be2 b6 10. 0-0 Bb7 11. Qa4 a6 12. cxd5 exd5 13. dxc5 Nxc5 14. Qh4 Rfe8 15. Rfd1 Rad8 16. Nd4 Ne6 17. Bd3 h6 18. N2f3 Nc5 19. Nf5 Qd7 20. Nxh6+ Kf8 21. Nf5 Kg8 22. Nxg7 Kxg7 23. Qg5+ Kf8 24. Qxf6 d4 25. Ne5 Rxe5 26. Qh8+ Ke7 27. Qxe5+ Kf8 28. Qh8+ Ke7 29. Qh4+ Kf8 30. exd4 Ne6 31. Re1 Re8 32. Bc4 Bd5 33. Bxd5 Qxd5 34. Qh8+ Ke7 35. Qe5 Qxe5 36. dxe5 Nf4 37. Rc6 Rd8 38. Rxb6 Rd2 39. Rf1 a5 40. a4 Rd4 41. b3 Ne2+ 42. Kh1 Re4 43. Rb5 Nd4 44. Rxa5 Nxb3 45. Ra7+ Ke6 46. f4 Nd2 47. Ra6+ Ke7 48. Ra1 Rxf4 49. Rb6 Rf2 50. h4 Ne4 51. Kh2 Rf4 52. Rh6 Rf5 53. a5 Nf2 54. Rh8 Ng4+ 55. Kg3 Nxe5 56. a6 1-0

[Event "ARG-ch sf 98th"]
[Site "Buenos Aires"]
[Date "2023.05.06"]
[Round "8"]
[White "Brizzi, Milagros Tatiana"]
[Black "Tokman, Ariel"]
[Result "0-1"]
[WhiteElo "2095"]
[BlackElo "2330"]
[PlyCount "138"]
[EventDate "2023.04.29"]
[EventType "swiss"]
[EventRounds "9"]
[EventCountry "ARG"]
[SourceTitle "CBM 214 Extra"]
[Source "ChessBase"]
[SourceDate "2023.07.31"]
[SourceVersion "1"]
[SourceVersionDate "2023.07.31"]
[SourceQuality "1"]

1. e4 c6 2. d4 d5 3. e5 c5 4. dxc5 e6 5. a3 Bxc5 6. Nf3 Ne7 7. b4 Bb6 8. Bd3 Ng6 9. 0-0 Nc6 10. Re1 f6 11. Bb2 Ncxe5 12. Nxe5 Nxe5 13. Rxe5 fxe5 14. Qh5+ Kf8 15. Qxe5 Qc7 16. Qe2 Bd7 17. Nd2 Kg8 18. c4 Qf4 19. Nf3 Rf8 20. Be5 Qg4 21. Bd6 Rxf3 22. Qxf3 Qxf3 23. gxf3 dxc4 24. Bxc4 Kf7 25. a4 Rc8 26. Bd3 Bc6 27. Be2 Rd8 28. Bg3 Rd2 29. Kf1 a5 30. Rb1 Ra2 31. b5 Bd5 32. Bd1 Kf6 33. Rc1 Bd4 34. f4 Ke7 35. Rc7+ Kd8 36. Rc1 Kd7 37. Bc2 h6 38. Rd1 Bc5 39. Be4 Ke7 40. Bxd5 exd5 41. Rxd5 b6 42. Bh4+ Ke6 43. Re5+ Kd7 44. Re4 Bb4 45. Rd4+ Ke6 46. Rc4 Kd5 47. Rc6 Bc5 48. Rg6 Rxa4 49. Rxg7 Rxf4 50. Bg3 Rf6 51. Bh4 Rf5 52. Rg4 h5 53. Ra4 Bb4 54. Bd8 Kc5 55. Ke2 Kxb5 56. Ra1 Bc5 57. f3 Re5+ 58. Kf1 Rd5 59. Bc7 Rd2 60. Bg3 h4 61. Bxh4 Rxh2 62. Be1 a4 63. f4 a3 64. f5 Kc4 65. Rc1+ Kb3 66. f6 Kb2 67. Rd1 a2 68. f7 a1Q 69. f8Q Qa6+ 0-1

[Event "Asuncion zt 2.5 (Women)"]
[Site "Asuncion"]
[Date "2023.03.07"]
[Round "4"]
[White "Brizzi, Milagros Tatiana"]
[Black "Sanchez Tobar, Francisca Valentina"]
[Result "1-0"]
[WhiteElo "2110"]
[BlackElo "1878"]
[PlyCount "213"]
[EventDate "2023.03.05"]
[EventType "swiss"]
[EventRounds "9"]
[EventCountry "PAR"]
[SourceTitle "CBM 213 Extra"]
[Source "ChessBase"]
[SourceDate "2023.05.31"]
[SourceVersion "1"]
[SourceVersionDate "2023.05.31"]
[SourceQuality "1"]

1. e4 e5 2. Nf3 Nc6 3. d4 exd4 4. Nxd4 Bc5 5. Be3 Bxd4 6. Bxd4 Nxd4 7. Qxd4 Qf6 8. e5 Qb6 9. Qxb6 axb6 10. f4 f6 11. Nd2 fxe5 12. fxe5 Nh6 13. Bd3 g6 14. 0-0 Kd8 15. Nf3 c6 16. a3 Nf7 17. Rae1 Re8 18. Bc4 d5 19. exd6 Nxd6 20. Rxe8+ Kxe8 21. Bb3 Ra5 22. Re1+ Kf8 23. Ne5 Kg7 24. h3 Kf6 25. Nf3 Bf5 26. Nd4 Re5 27. Rf1 Ke7 28. Nxf5+ gxf5 29. Rf4 Re4 30. Rf3 Re5 31. Rg3 Kf6 32. Bg8 Re7 33. Rd3 Ne4 34. Rd8 Kg7 35. Bc4 Nf6 36. Bd3 f4 37. Kf2 b5 38. b3 Nd7 39. Bf5 Ne5 40. Rd4 Rf7 41. Be4 h6 42. Bf3 Rf6 43. Re4 Ng6 44. Bh5 b6 45. a4 bxa4 46. Rxa4 Rd6 47. Ke2 b5 48. Re4 Rf6 49. c3 Rf5 50. Bxg6 Kxg6 51. b4 Kg5 52. Kf3 h5 53. Rd4 Rd5 54. h4+ Kf5 55. Rxf4+ Ke5 56. Re4+ Kf5 57. Re3 c5 58. g3 c4 59. Ke2 Kg4 60. Kf2 Rd2+ 61. Kf1 Rd1+ 62. Ke2 Rd5 63. Ke1 Kf5 64. Kf2 Rd2+ 65. Ke1 Rd5 66. Kf1 Kg4 67. Ke2 Kf5 68. Re8 Rd3 69. Rf8+ Ke4 70. Rf4+ Ke5 71. Rf3 Rd5 72. Rf7 Ke4 73. Rh7 Re5 74. Rd7 Rf5 75. Rd4+ Ke5 76. g4 hxg4 77. Rxg4 Rh5 78. Ke3 Ke6 79. Ke4 Re5+ 80. Kf4 Re1 81. Rg3 Kf6 82. h5 Rf1+ 83. Ke4 Rh1 84. Rg6+ Kf7 85. Rg5 Rh4+ 86. Kd5 Kf6 87. Re5 Rh3 88. Re6+ Kf5 89. Rb6 Rd3+ 90. Kc5 Rxc3 91. Rxb5 Ke4 92. Rb8 Rh3 93. Kxc4 Rxh5 94. Re8+ Kf5 95. Kc5 Kf6+ 96. Kc6 Rh1 97. b5 Rc1+ 98. Kb7 Rb1 99. b6 Rc1 100. Kb8 Rb1 101. b7 Kf7 102. Re4 Rc1 103. Ka7 Ra1+ 104. Kb6 Rb1+ 105. Kc6 Rc1+ 106. Kb5 Rb1+ 107. Rb4 1-0

[Event "Titled Tuesday intern op 10th Jan Early"]
[Site "Chess.com INT"]
[Date "2023.01.10"]
[Round "2"]
[White "Brizzi, Milagros Tatiana"]
[Black "Sanchez, Roberto Daniel"]
[Result "0-1"]
[WhiteElo "2085"]
[BlackElo "1971"]
[PlyCount "62"]
[EventDate "2023.01.10"]
[EventType "swiss (blitz)"]
[EventRounds "11"]
[EventCountry "USA"]
[SourceTitle "EXT 2024"]
[Source "ChessBase"]
[SourceDate "2023.10.10"]
[SourceVersion "1"]
[SourceVersionDate "2023.10.10"]
[SourceQuality "1"]

1. e4 e6 2. d4 d5 3. Nc3 Nf6 4. e5 Nfd7 5. f4 c5 6. Nf3 Nc6 7. Be3 Be7 8. Qd2 0-0 9. dxc5 Nxc5 10. Nd4 Nxd4 11. Bxd4 Bd7 12. 0-0-0 a6 13. Kb1 b5 14. Bd3 b4 15. Ne2 a5 16. g4 a4 17. Ng3 b3 18. a3 Rb8 19. c3 Nxd3 20. Qxd3 f6 21. Nh5 f5 22. Rhg1 g6 23. gxf5 Rxf5 24. Nf6+ Bxf6 25. exf6 Qe8 26. Rg5 Rxg5 27. fxg5 e5 28. Rf1 Bb5 29. Qf3 Bxf1 30. Qxd5+ Qf7 31. Bc5 Qxd5 0-1

[Event "Vicente Lopez ProAm 100 Years op"]
[Site "Buenos Aires"]
[Date "2022.10.18"]
[Round "9"]
[White "Brizzi, Milagros Tatiana"]
[Black "Tokman, Ariel"]
[Result "1-0"]
[WhiteElo "2004"]
[BlackElo "2340"]
[PlyCount "111"]
[EventDate "2022.10.11"]
[EventType "swiss"]
[EventRounds "9"]
[EventCountry "ARG"]
[SourceTitle "CBM 210 Extra"]
[Source "ChessBase"]
[SourceDate "2022.11.30"]
[SourceVersion "1"]
[SourceVersionDate "2022.11.30"]
[SourceQuality "1"]

1. e4 c6 2. d4 d5 3. e5 Bf5 4. h4 h5 5. Bd3 Bxd3 6. Qxd3 Qa5+ 7. Nd2 e6 8. Ngf3 Nh6 9. 0-0 Qa6 10. c4 Nd7 11. b3 Nf5 12. a4 Rd8 13. Qc2 Be7 14. Ba3 Nxh4 15. Nxh4 Bxh4 16. Nf3 Be7 17. Bxe7 Kxe7 18. Qc1 Rdg8 19. cxd5 exd5 20. Qg5+ Ke8 21. e6 fxe6 22. Qg6+ Kd8 23. Ng5 Kc8 24. Nf7 Qb6 25. Nxh8 Rxh8 26. Qxg7 Rf8 27. Rab1 Rf4 28. Qg8+ Kc7 29. Qxe6 Qxd4 30. b4 Re4 31. Qf7 Qe5 32. b5 c5 33. a5 c4 34. a6 b6 35. Rbd1 Kd6 36. f4 Qe6 37. Qxh5 Nf6 38. Qh8 Kc5 39. Qb8 Qd7 40. Qf8+ Qe7 41. Qc8+ Kb4 42. Rb1+ Kc3 43. Rbc1+ Kb4 44. Rb1+ Kc3 45. Rfc1+ Kd4 46. Rd1+ Ke3 47. Qf5 c3 48. Re1+ Kd4 49. Rbd1+ Kc4 50. Rxe4+ dxe4 51. Kf1 c2 52. Rc1 Kd3 53. Qc8 Qc5 54. Qxc5 bxc5 55. b6 e3 56. bxa7 1-0

[Event "Vicente Lopez ProAm 100 Years op"]
[Site "Buenos Aires"]
[Date "2022.10.17"]
[Round "8"]
[White "Gorisnic, Eduardo"]
[Black "Brizzi, Milagros Tatiana"]
[Result "0-1"]
[WhiteElo "2210"]
[BlackElo "2004"]
[PlyCount "70"]
[EventDate "2022.10.11"]
[EventType "swiss"]
[EventRounds "9"]
[EventCountry "ARG"]
[SourceTitle "CBM 210 Extra"]
[Source "ChessBase"]
[SourceDate "2022.11.30"]
[SourceVersion "1"]
[SourceVersionDate "2022.11.30"]
[SourceQuality "1"]

1. c4 f5 2. d4 Nf6 3. Nc3 e6 4. g3 Bb4 5. Bg2 0-0 6. Nf3 Ne4 7. Qb3 Bxc3+ 8. bxc3 b6 9. Nd2 Bb7 10. Qc2 d5 11. 0-0 Nd7 12. cxd5 exd5 13. c4 Ndf6 14. Nf3 dxc4 15. Qxc4+ Bd5 16. Qd3 Qc8 17. a4 Rd8 18. a5 c5 19. Bb2 c4 20. Qa3 b5 21. Qb4 Bc6 22. Ne5 Nd5 23. Qe1 c3 24. Bc1 b4 25. f3 Nef6 26. e4 Ne7 27. Qe2 Be8 28. Qa2+ Kh8 29. Rd1 Nc6 30. Bg5 Nxd4 31. Nf7+ Bxf7 32. Qxf7 Rd7 33. Qa2 b3 34. Qf2 b2 35. Ra4 c2 0-1

[Event "Vicente Lopez ProAm 100 Years op"]
[Site "Buenos Aires"]
[Date "2022.10.12"]
[Round "2"]
[White "Brizzi, Milagros Tatiana"]
[Black "Oviedo Acosta, Paula"]
[Result "1-0"]
[WhiteElo "2004"]
[BlackElo "1755"]
[PlyCount "79"]
[EventDate "2022.10.11"]
[EventType "swiss"]
[EventRounds "9"]
[EventCountry "ARG"]
[SourceTitle "CBM 210 Extra"]
[Source "ChessBase"]
[SourceDate "2022.11.30"]
[SourceVersion "1"]
[SourceVersionDate "2022.11.30"]
[SourceQuality "1"]

1. e4 c5 2. Nf3 e6 3. d4 cxd4 4. Nxd4 a6 5. Bd3 Bc5 6. Nb3 Be7 7. Qg4 g6 8. Qe2 d6 9. 0-0 Nf6 10. Bh6 Nbd7 11. Na3 Ne5 12. f4 Neg4 13. Bg7 Rg8 14. Bxf6 Nxf6 15. e5 Nd5 16. Kh1 Bd7 17. Nc4 Bc6 18. Rad1 Rc8 19. Nca5 Nb4 20. Nxc6 Rxc6 21. Be4 d5 22. a3 Qc7 23. axb4 dxe4 24. c3 Rc4 25. Na5 Rc6 26. Nxc6 Qxc6 27. Rd4 Kf8 28. Qxe4 Qb5 29. Qd3 Qc6 30. Qc4 Qe8 31. Rfd1 Kg7 32. Rd7 g5 33. Qc7 Kh6 34. Rxe7 Qa4 35. Qd7 Qc2 36. Qd2 Qf5 37. fxg5+ Kh5 38. Qe2+ Kxg5 39. Rf1 Qg6 40. Rexf7 1-0

[Event "Titled Tuesday intern op 27th Sep Late"]
[Site "Chess.com INT"]
[Date "2022.09.27"]
[Round "5"]
[White "Howell, David"]
[Black "Brizzi, Milagros Tatiana"]
[Result "1-0"]
[WhiteElo "2667"]
[BlackElo "2053"]
[PlyCount "89"]
[EventDate "2022.09.27"]
[EventType "swiss (blitz)"]
[EventRounds "11"]
[EventCountry "USA"]
[SourceTitle "CBM 210 Extra"]
[Source "ChessBase"]
[SourceDate "2022.11.30"]
[SourceVersion "1"]
[SourceVersionDate "2022.11.30"]
[SourceQuality "1"]

1. b4 d5 2. Bb2 Bf5 3. Nf3 c6 4. e3 Nf6 5. c4 e6 6. Qb3 Nbd7 7. Be2 Be7 8. 0-0 0-0 9. Nc3 a5 10. a3 Qb6 11. Na4 Qc7 12. cxd5 cxd5 13. Rfc1 Qb8 14. b5 Rc8 15. h3 h6 16. b6 Ne4 17. Qb5 Nec5 18. Nxc5 Nxc5 19. Bd4 Qd6 20. Be5 Qd8 21. Bc7 Qf8 22. Nd4 Bg6 23. a4 Ne4 24. Qb2 Bd6 25. Nb5 Be7 26. d3 Nc5 27. Rc3 Bf6 28. d4 Ne4 29. Rcc1 Be7 30. Bd3 Nf6 31. Bxg6 fxg6 32. Rc2 Kh7 33. Rac1 Ne4 34. Qb3 Qf6 35. Be5 Qf5 36. Rxc8 Rxc8 37. Rxc8 Qxf2+ 38. Kh2 Qe1 39. Nc3 Bh4 40. Nxe4 dxe4 41. Rf8 Bf2 42. Rxf2 Qxf2 43. Qxe6 Qxe3 44. Qf7 Qe1 45. Qxg7# 1-0

[Event "Titled Tuesday intern op 27th Sep Late"]
[Site "Chess.com INT"]
[Date "2022.09.27"]
[Round "8"]
[White "Mesa Cruz, Juan Carlos"]
[Black "Brizzi, Milagros Tatiana"]
[Result "1-0"]
[WhiteElo "2119"]
[BlackElo "2053"]
[PlyCount "103"]
[EventDate "2022.09.27"]
[EventType "swiss (blitz)"]
[EventRounds "11"]
[EventCountry "USA"]
[SourceTitle "CBM 210 Extra"]
[Source "ChessBase"]
[SourceDate "2022.11.30"]
[SourceVersion "1"]
[SourceVersionDate "2022.11.30"]
[SourceQuality "1"]

1. e4 c6 2. Nf3 d5 3. Nc3 Bg4 4. h3 Bxf3 5. Qxf3 e6 6. Be2 Nd7 7. d4 dxe4 8. Nxe4 Ngf6 9. Nxf6+ Nxf6 10. c3 Be7 11. 0-0 0-0 12. a4 Rc8 13. a5 b6 14. axb6 axb6 15. Ba6 Rc7 16. Bd3 c5 17. dxc5 bxc5 18. Bf4 Rd7 19. Bb5 Rd5 20. Ra7 Qb6 21. Rxe7 Qxb5 22. Rb1 Qb3 23. Qe2 Rfd8 24. Ra1 h6 25. Raa7 Rf8 26. Kh2 c4 27. Be5 Qd1 28. Qxd1 Rxd1 29. Bxf6 gxf6 30. Rec7 Rd2 31. Rab7 Rxf2 32. Rxc4 Kh7 33. b4 Rc2 34. b5 Kg6 35. Rc5 Rd8 36. Rc4 Rdd2 37. Rg4+ Kf5 38. Rxf7 h5 39. Rg3 h4 40. Rg4 Rxc3 41. b6 Rb3 42. b7 Rdb2 43. Rgg7 e5 44. Rh7 e4 45. Rh6 e3 46. Rhxf6+ Ke4 47. Re7+ Kd3 48. Rd6+ Ke2 49. Rde6 Kf2 50. b8Q Rxb8 51. Rxe3 Rg8 52. Rf3# 1-0

[Event "Titled Tuesday intern op 27th Sep Late"]
[Site "Chess.com INT"]
[Date "2022.09.27"]
[Round "3"]
[White "Perez Rodriguez, Jennifer"]
[Black "Brizzi, Milagros Tatiana"]
[Result "1/2-1/2"]
[WhiteElo "2251"]
[BlackElo "2053"]
[PlyCount "76"]
[EventDate "2022.09.27"]
[EventType "swiss (blitz)"]
[EventRounds "11"]
[EventCountry "USA"]
[SourceTitle "CBM 210 Extra"]
[Source "ChessBase"]
[SourceDate "2022.11.30"]
[SourceVersion "1"]
[SourceVersionDate "2022.11.30"]
[SourceQuality "1"]

1. e4 c6 2. Nc3 d5 3. Nf3 Bg4 4. h3 Bxf3 5. Qxf3 e6 6. d4 dxe4 7. Qxe4 Nf6 8. Qe3 Bb4 9. Bd2 0-0 10. Bd3 Nd5 11. Nxd5 Bxd2+ 12. Qxd2 exd5 13. 0-0 Qh4 14. c3 Nd7 15. Rfe1 Rae8 16. Re3 Nf6 17. Rae1 Ne4 18. Qc2 f5 19. f3 f4 20. R3e2 Nd6 21. Bxh7+ Qxh7 22. Qa4 Qd3 23. Rxe8 Rxe8 24. Rxe8+ Nxe8 25. Qxa7 Qe3+ 26. Kh2 Qe7 27. Qb8 Qf7 28. b4 Kh7 29. a3 Nc7 30. Qxb7 Qd7 31. a4 Qd6 32. a5 Nb5 33. a6 Qg6 34. a7 Qg3+ 35. Kh1 Qe1+ 36. Kh2 Qg3+ 37. Kh1 Qe1+ 38. Kh2 Qg3+ 1/2-1/2